Compendio de enfermedades de la papa /
Guardado en:
| Autores Corporativos: | , , |
|---|---|
| Otros Autores: | , |
| Formato: | Libro |
| Idioma: | Spanish |
| Publicado: |
Lima :
Centro Internacional de la Papa,
1980.
|
| Materias: | |
| Etiquetas: |
Agregar Etiqueta
Sin Etiquetas, Sea el primero en etiquetar este registro!
|
| LEADER | 00890nam a22002175a 4500 | ||
|---|---|---|---|
| 001 | EEA.libagro009175 | ||
| 005 | 20181029134250.0 | ||
| 008 | 130809s1980####pe#a##########000#0#spa#d | ||
| 041 | 1 | |a spa | |
| 082 | 0 | 4 | |a 635.219 |
| 245 | 0 | 0 | |a Compendio de enfermedades de la papa / |c versión española por Teresa Ames de Icochea. |
| 260 | |a Lima : |b Centro Internacional de la Papa, |c 1980. | ||
| 300 | |a 166 p. : |b il., fot. col. y fot. byn ; |c 28 cm. | ||
| 500 | |a Traducida de la obra: Compendium of Potato Diseases, W. J. Hooker (ed.), The American Phytopathological Society, Minnesota, USA. | ||
| 650 | 7 | |a Solanum tuberosum |2 agrovoc | |
| 700 | 1 | |a Hooker, W. J. | |
| 700 | 1 | |a Ames de Icochea, Teresa, |e trad. | |
| 710 | 2 | |a Centro Internacional de la Papa. | |
| 710 | 2 | |a International Potato Center. | |
| 710 | 2 | |a American Phytopathological Society. | |
| 859 | |a AR-BbBCA |b BIB. AGRONOMIA |h 635.219 |i A513 |p 2013/6240 | ||
